Paroles - maman, Louane - Statistiques

Statistiques générales
  • Ce quiz a été pris 272 fois
  • Le résultat moyen est 127 sur 194
Statistiques - réponses
Paroles % Correct
ma
96%
"maman"
90%
Maman
90%
je
86%
Je
86%
le
86%
de
80%
De
80%
Les
80%
les
80%
J'ai
76%
j'ai
76%
que
76%
ce
75%
c'est
71%
moi
71%
main
70%
appelle
69%
Maintenant
69%
qu'elle
69%
sais
65%
suis
65%
tu
65%
Tu
65%
arrêté
64%
temps
64%
la
63%
63%
Et
62%
plus
62%
années
61%
arrêter
61%
compter
61%
vais
61%
bien
60%
me
60%
si
60%
Si
60%
voulu
60%
qui
56%
Y'a
56%
est
54%
Est
54%
Toi,
54%
toi
54%
vie
53%
grand
51%
mieux,
51%
tout
51%
Tout
51%
comme
50%
vois
50%
fait
49%
grandi
47%
il
47%
lits
47%
construit
46%
quand
46%
Quand
46%
d'amants
44%
gardé
44%
trouvé
44%
ça
43%
Indélébile
43%
aussi
42%
changé
42%
l'amour
42%
vrai
42%
peur
40%
rien
40%
tenais
40%
vas
40%
vide
40%
comment ?
39%
Même
39%
ici ?
37%
questions
37%
"toujours"
35%
Finalement
34%
tient
34%
avant
33%
file
33%
m'fait
27%
Aucun quiz correspondant
Distribution des résultats
% des personnes avec chaque résultat
Percentile par nombre de réponses
Votre historique - résultats
Vous n’avez pas pris ce quiz